LEADER 01244nas a2200289 i 4500 001 000000178581 003 CaOOAMICUS 005 20100111000000.0 008 090330b2009 gw uu u0 0mul r 013 $a156154 040 $aSeMil$bita 245 10$a2009 /$cin Verbindung mit Svend Andersen ... [et al.] ; herausgegeben von Christoph Schwöbel. 260 $aBerlin ; New York :$bDe Gruyter,$ccopyr. 2009. 300 $a[28], 460 p. ;$c23 cm. 500 $aArticoli con sintesi in tedesco [Zusammenfassung] e in inglese [Summary] in coda. 700 1 $aAndersen, Svend.$0(OLS)http://semarc/name/49183 700 1 $aSchwöbel, Christoph,$d<1955-2021>.$0(OLS)http://semarc/name/49185 773 0 $tNeue Zeitschrift für Systematische Theologie und Religionsphilosophie.$dBerlin : Töpelmann $x0028-3517$w()2512 774 0 $t2009 : 1.$w()270742 774 0 $t2009 : 2.$w()271304 774 0 $t2009 : 3.$w()271807 774 0 $t2009 : 4.$w()272131 850 $aSeMil 852 $aSeMil$W1$xVenegono$y1$m136 4 51$j129354$B129354$CSeMilBibl$Z2$F146791 $85 961 $aAbbonamento: De Gruyter 996 $6245$a2009$9(OLS)http://semarc/title/254631 996 $6260$aBerlin ; New York :$bDe Gruyter$9(OLS)http://semarc/publisher/29892 LEADER 01593nam a2200325 i 4500 001 000000126193 003 CaOOAMICUS 005 20060105000000.0 008 060105s1985 it u000 u ita u 013 $a98895 020 $a88-420-2555-0 040 $aSeMil$bita 100 1 $aColombo, Giuseppe .$0(OLS)http://semarc/name/93219 245 10$aIndustria e politica nella storia d'Italia :$bscritti scelti, 1861-1916 /$cGiuseppe Colombo ; a cura di Carlo G. Lacaita. 260 $aRoma ; Bari :$bLaterza,$ccopyr. 1985. 260 $aMilano :$bCARIPLO,$ccopyr. 1985. 300 $a497 p. :$bill. ;$c24 cm. 490 0 $aEconomia e società in Lombardia dall'età delle riforme alla grande crisi ;$v1 500 $aFondo Card. C.M. Martini. 650 4$aItalia - Condizioni economiche e sociali - Sec. 19.-20.$0(OLS)http://semarc/subject/24615 700 1 $aLacaita, Carlo Giacomo,$d<1936- >.$0(OLS)http://semarc/name/6937 830 0$aEconomia e società in Lombardia dall'età delle riforme alla grande crisi ;$v1.$0(OLS)http://semarc/title/20068 850 $aSeMil 852 $aSeMil$W1$xVenegono$y1$m3M V 62$j80586$B80586$CSeMilBibl$Z2$F108266 $81 941 1 $a4 961 $aOmaggio: Martini Card. Carlo Maria 996 $6020$a88-420-2555-0$9(OLS)http://semarc/number/112299 996 $6245$aIndustria e politica nella storia d'Italia :$bscritti scelti, 1861-1916$9(OLS)http://semarc/title/185979 996 $6260$aMilano :$bCARIPLO$9(OLS)http://semarc/publisher/29807 996 $6260$aRoma ; Bari :$bLaterza$9(OLS)http://semarc/publisher/30305